The Sims 4: Every DLC Pack - Statistics

General Stats
  • This quiz has been taken 156 times
    5 since last reset
  • The average score is 40 of 110
Answer Stats
Expansion Packs % Correct
Cats & Dogs
100%
Get To Work
100%
Vampires
100%
Werewolves
100%
Adventure Awaits
80%
City Living
80%
Cottage Living
80%
Eco Lifestyle
80%
Enchanted by Nature
80%
For Rent
80%
Get Famous
80%
Get Together
80%
High School Years
80%
Horse Ranch
80%
Life & Death
80%
Lovestruck
80%
Realm of Magic
80%
Seasons
80%
Strangerville
80%
Businesses & Hobbies
60%
Discover University
60%
Growing Together
60%
Island Living
60%
Kids Room Stuff
60%
Paranormal
60%
Romantic Garden Stuff
60%
Royalty & Legacy
60%
Snowy Escape
60%
Star Wars: Journey to Batuu
60%
Backyard Stuff
40%
Bowling Night Stuff
40%
Cool Kitchen Stuff
40%
Crystal Creations
40%
Dine Out
40%
Dream Home Decorator
40%
Fitness Stuff
40%
Home Chef Hustle
40%
Jungle Adventure
40%
Laundry Day Stuff
40%
Luxury Party Stuff
40%
Moschino Stuff
40%
Movie Hangout Stuff
40%
My First Pet Stuff
40%
My Wedding Stories
40%
Nifty Knitting
40%
Outdoor Retreat
40%
Parenthood
40%
Spa Day
40%
Spooky Stuff
40%
Tiny Living
40%
Toddler Stuff
40%
Vintage Glamour Stuff
40%
Artist Studio Kit
20%
Autumn Apparel Kit
20%
Basement Treasures Kit
20%
Bathroom Clutter Kit
20%
Business Chic Kit
20%
Bust the Dust Kit
20%
Carnaval Streetwear Kit
20%
Casanova Cave Kit
20%
Castle Estate Kit
20%
Comfy Gamer Kit
20%
Country Kitchen Kit
20%
Courtyard Oasis Kit
20%
Cozy Kitsch Kit
20%
Desert Luxe Kit
20%
Essential Glam Kit
20%
Everyday Clutter Kit
20%
Garden to Table Kit
20%
Golden Years Kit
20%
Goth Galore Kit
20%
Grange Mudroom Kit
20%
Kitchen Clutter Kit
20%
Little Campers Kit
20%
Modern Luxe Kit
20%
Modern Retreat Kit
20%
Party Essentials Kit
20%
Perfect Patio Stuff
20%
Poolside Splash Kit
20%
Prairie Dreams Kit
20%
Refined Living Room Kit
20%
Restoration Workshop Kit
20%
Riviera Retreat Kit
20%
Secret Sanctuary Kit
20%
Silver Screen Style Kit
20%
Sleek Bathroom Kit
20%
SpongeBob Kid's Room Kit
20%
SpongeBob's House Kit
20%
Storybook Nursery Kit
20%
Sweet Allure Kit
20%
Sweet Slumber Party Kit
20%
Tea Time Solarium Kit
20%
Throwback Fit Kit
20%
Urban Homage Kit
20%
Wonderland Playroom Kit
20%
Yard Charm Kit
20%
Blooming Rooms Kit
0%
Book Nook Kit
0%
Cozy Bistro Kit
0%
Decor to the Max Kit
0%
Fashion Street Kit
0%
First Fits Kit
0%
Greenhouse Haven Kit
0%
Grunge Revival Kit
0%
Incheon Arrivals Kit
0%
Industrial Loft Kit
0%
Modern Menswear Kit
0%
Moonlight Chic Kit
0%
Pastel Pop Kit
0%
Simtimates Collection Kit
0%
No matching quizzes found
Score Distribution
Percent of People with Each Score
Percentile by Number Answered
Your Score History
You have not taken this quiz since the last reset